Ч. 1 : Устройство электрических сетей; Безопасность электрических сетей в вопросах и ответах

Bibliographische Detailangaben
Parent link:Безопасность электрических сетей в вопросах и ответах: практическое пособие/ Ю. Н. Балаков. Ч. 1 : Устройство электрических сетей.— , 2013.— 978-5-383-00841-6
Zusammenfassung:Предлагаемое практическое пособие в двух частях содержит вопросы по устройству, эксплуатации, производству работ и охране труда электрических сетей с ответами на них из нормативных документов, а также общие материалы по схемам, конструкциям электрических сетей, качеству электрической энергии и предназначено для подготовки руководящего состава и электротехнического персонала подразделений хозяйствующих субъектов электроэнергетики к сдаче экзамена по нормативно-техническим документам и Правилам для работы на объектах электроэнергетики Российской Федерации. Пособие может быть использовано персоналом организаций, выполняющих работы применительно к объектам электроэнергетики.
Sprache:Russisch
Veröffentlicht: 2013
Schlagworte:
Format: MixedMaterials Buch
KOHA link:https://koha.lib.tpu.ru/cgi-bin/koha/opac-detail.pl?biblionumber=260996

MARC

LEADER 00000nam2a2200000 4500
001 260996
005 20231101233527.0
010 |a 9785383008423 
035 |a (RuTPU)RU\TPU\book\283968 
090 |a 260996 
100 |a 20140520d2013 km y0rusy50 ca 
101 0 |a rus 
102 |a RU 
105 |a a z 000zy 
200 0 |a Ч. 1 : Устройство электрических сетей 
210 |d 2013 
215 |a 428 с.  |c ил. 
330 |a Предлагаемое практическое пособие в двух частях содержит вопросы по устройству, эксплуатации, производству работ и охране труда электрических сетей с ответами на них из нормативных документов, а также общие материалы по схемам, конструкциям электрических сетей, качеству электрической энергии и предназначено для подготовки руководящего состава и электротехнического персонала подразделений хозяйствующих субъектов электроэнергетики к сдаче экзамена по нормативно-техническим документам и Правилам для работы на объектах электроэнергетики Российской Федерации. Пособие может быть использовано персоналом организаций, выполняющих работы применительно к объектам электроэнергетики. 
461 1 |0 (RuTPU)RU\TPU\book\298408  |y 978-5-383-00841-6  |t Безопасность электрических сетей в вопросах и ответах  |o практическое пособие  |o в 2 ч.  |f Ю. Н. Балаков  |v Ч. 1 : Устройство электрических сетей  |d 2013 
606 1 |a Электрические сети  |x Техника безопасности  |2 stltpush  |3 (RuTPU)RU\TPU\subj\27429  |9 51189 
610 1 |a устройство 
610 1 |a схемы 
610 1 |a построение 
610 1 |a электроустановки 
610 1 |a производственно-практические пособия 
675 |a 621.311.1:658  |v 3 
801 1 |a RU  |b 63413507  |c 20140520 
801 2 |a RU  |b 63413507  |c 20150605  |g RCR 
900 |a Электрические системы и сети 
900 |a Охрана труда в электроэнергетике 
942 |c BK 
959 |a 85/20140520  |d 5  |e 715,00  |f ЧЗТЛ:1  |f АНЛ:1  |f УФ:3